If I die Young: The Band Perry - Statistics

General Stats
  • This quiz has been taken 1,678 times
  • The average score is 235 of 354
Answer Stats
Answers % Correct
I
100%
YOU
100%
DIE
99%
If
99%
IF
99%
ME
99%
YOUNG
99%
IN
98%
A
97%
BE
96%
DOWN
95%
LAY
95%
OF
95%
ROSES
95%
BED
94%
ON
94%
THE
94%
BURY
93%
RIVER
91%
LOVE
90%
SO
90%
SONG
87%
WITH
86%
WORDS
86%
AT
85%
AWAY
85%
DAWN
84%
SATIN
84%
SEND
83%
SINK
79%
MY
76%
WHEN
70%
I'LL
69%
LIFE
69%
OH
69%
TO
68%
AND
67%
HE
66%
SHORT
66%
KNIFE
64%
I'M
63%
MOTHER
63%
SHARP
63%
YOUR
63%
RAINBOW
62%
SHE
62%
KNOW
61%
MAKE
59%
TIME
59%
I'VE
58%
IT
57%
SHINE
57%
HER
56%
WEAR
55%
HAD
54%
JUST
54%
BUT
53%
ENOUGH
53%
FOR
53%
LORD
53%
SAFE
53%
UNDER
53%
COLORS
52%
BOY
50%
BABY
49%
SHE'LL
49%
STANDS
49%
WELL
49%
NO
48%
WHAT
48%
WHITE
48%
'AINT
47%
GO
46%
PUT
45%
THINK
44%
THOUGHT
44%
ALWAYS
43%
BURIES
43%
COME
43%
AS
42%
EVEN
42%
NEVER
42%
PEARLS
42%
WEARING
42%
FINGER
41%
INTO
41%
KINGDOM
41%
BEST
40%
COLD
40%
GRAY
40%
HAND
39%
LITTLE
39%
RING
39%
GREEN
38%
OUGHT
38%
WAS
38%
HOLDING
37%
WHO
37%
FELT
36%
FOREVER
36%
MAN
36%
SURE
36%
NICE
35%
TOWN
35%
BY
34%
HERE
33%
PENNY
33%
COULD
32%
KNOWN
32%
BOYS
31%
HE'LL
31%
LOVING
31%
SAYS
31%
THERE'S
31%
IS
30%
SEVERED
30%
DOLLAR
29%
SELL
28%
THEM
28%
THOUGHTS
27%
DEAD
26%
WOULD'VE
26%
;EM
25%
'EM
25%
LISTEN
25%
AFTER
24%
FUNNY
24%
HOW
24%
MORE
24%
PEOPLE
24%
START
24%
DID
23%
DONE
23%
GONER
23%
MUCH
23%
WORTH
22%
THEN
21%
YOU'RE
21%
BEEN
20%
HEAR
20%
THEY'RE
20%
GONNA
19%
MAYBE
18%
SAVE
18%
SINGING
17%
KEEP
16%
POCKET
16%
YOU'LL
16%
PEACE
15%
NEED
14%
TEARS
14%
UP
14%
REALLY
13%
BALLAD
12%
DOVE
12%
GATHER
12%
No matching quizzes found
Score Distribution
Percent of People with Each Score
Percentile by Number Answered
Your Score History
You have not taken this quiz